Vplyv zdaňovania tabakových výrobkov na ich spotrebu vo vybraných krajinách EÚ bakalárska práca

Enregistré dans:
Détails bibliographiques
Auteur principal: Kamenská, Lenka
Collectivité auteur: Fakulta medzinárodných vzťahov EU. Katedra medzinárodných ekonomických vzťahov a hospodárskej diplomacie
Autres auteurs: Valačai, Peter, 1989-
Format: Livre
Langue:slovaque
Publié: Bratislava 2017
Tags: Ajouter un tag
Pas de tags, Soyez le premier à ajouter un tag!

MARC

LEADER 00000nbm a2200000 4500
001 0235393
005 20180221145627.9
041 0 |a slo 
044 |a SK 
245 1 0 |a Vplyv zdaňovania tabakových výrobkov na ich spotrebu vo vybraných krajinách EÚ  |b bakalárska práca  |c Lenka Kamenská ; školiteľ: Peter Valačai 
264 1 |a Bratislava  |c 2017 
300 |a 36 s. 
100 1 |a Kamenská, Lenka 
700 1 |a Valačai, Peter, 1989- 
710 2 |a Fakulta medzinárodných vzťahov EU. Katedra medzinárodných ekonomických vzťahov a hospodárskej diplomacie